Grounded (May Hollow Triology: Book Two) (Record no. 12519)

MARC details
000 -LEADER
fixed length control field 00278nam a22000977a 4500
008 - FIXED-LENGTH DATA ELEMENTS--GENERAL INFORMATION
fixed length control field 231218b |||||||| |||| 00| 0 eng d
020 ## - INTERNATIONAL STANDARD BOOK NUMBER
International Standard Book Number 9781633935563
100 ## - MAIN ENTRY--PERSONAL NAME
Personal name Correll Angela
9 (RLIN) 7738
245 ## - TITLE STATEMENT
Title Grounded (May Hollow Triology: Book Two)
260 ## - PUBLICATION, DISTRIBUTION, ETC. (IMPRINT)
Place of publication, distribution, etc. Virginia
Name of publisher, distributor, etc. Koehler Books
Date of publication, distribution, etc. 2013

No items available.

Powered by Koha